|
|
|
|
| LEADER |
00000cam a2200000 a 4500 |
| 001 |
vtls010284635 |
| 003 |
SK-MaSNL |
| 005 |
20260301031826.0 |
| 008 |
240315s xo b 001 0 slo |
| 015 |
|
|
|a SNBA1975
|
| 040 |
|
|
|a SNK
|b slo
|c SNK
|e AACR2
|
| 041 |
|
|
|a slo
|
| 044 |
|
|
|a xo
|c SK
|
| 080 |
|
|
|a 885.4:92:016
|2 1981
|
| 100 |
1 |
|
|a Vargová, M.
|4 aut
|9 286671
|
| 245 |
1 |
0 |
|a Spisovateľ spod Vepra
|b V. Mináč : personálná bibliografia
|c [zostavila N. Vargová]
|
| 246 |
3 |
0 |
|a V. Mináč
|
| 260 |
|
|
|a Rimavská Sobota
|b Okresná knižnica
|c 1975
|
| 300 |
|
|
|a 37 s.
|c 29 cm
|
| 366 |
|
|
|e 75 výt.
|
| 500 |
|
|
|a Zopnuté listy
|
| 504 |
|
|
|a Bibliogr. Obsahuje men.reg. Zozn. excerpovaných novín, čas. a zborníkov
|
| 600 |
1 |
|
|a Mináč, Vladimír,
|d 1922-1996
|2 SNKMA
|9 103107
|
| 655 |
|
7 |
|a personálne bibliografie
|2 SNKPH
|9 70198
|
| 852 |
|
|
|a Štátna vedecká knižnica v Banskej Bystrici
|
| 999 |
|
|
|c 577379
|d 579309
|
| 952 |
|
|
|a SNK
|b SNK
|y PREZ
|7 0
|p 17A0942095
|o snkSB 24040
|0 0
|1 0
|4 0
|d 2014-02-11
|f 1
|l 0
|r 2025-03-27 00:00:00
|w 2026-02-23
|